| 000 | 00000nas 2200000za 4500 |
| 001 | 9.817644 |
| 003 | CaOODSP |
| 005 | 20221107142526 |
| 007 | cr ||||||||||| |
| 008 | 160513d19521981oncar p oss f000#a0eng|d |
| 022 | |y0706-2087 |
| 040 | |aCaOODSP|beng |
| 041 | |aeng|afre |
| 043 | |an-cn--- |
| 086 | 1 |aCS52-211-PDF |
| 245 | 00|aRailway transport. |nPart 5, |pFreight carried by principal commodity classes |h[electronic resource] = |bTransport ferroviaire. Partie 5, Marchandises transportées, par grands groupes de produits. |
| 246 | 11|aTransport ferroviaire.|nPartie 5, |pMarchandises transportées, par grands groupes de produits |
| 260 | |a[Ottawa] : |bStatistics Canada, Transportation and Public Utitlities Division, Transportation Section = Statistique Canada, Division des transports et des services d'utilité publique, Section des transports, |c1954-1983. |
| 310 | |aAnnual |
| 362 | 0 |a1952-1981. |
| 500 | |aDigitized edition from print [produced by Statistics Canada]. |
| 546 | |aText in English only, 1952-1969; text in English and French, 1970-1981. |
| 550 | |aIssued 1952, 1959-1964, 1966-1969 by Transportation Section; 1953-1958, 1965 by Transportation and Public Utilities Section; 1970-1972 by Statistics Canada, Transportation Section; 1973-1978 by Surface Transport Section; 1979-1981 by Surface and Marine Transport Section. |
| 692 | 07|2gccst|aRailway networks |
| 692 | 07|2gccst|aRail transport |
| 692 | 07|2gccst|aFreight |
| 710 | 1 |aCanada. |bDominion Bureau of Statistics. |bTransportation Section. |
| 710 | 1 |aCanada. |bDominion Bureau of Statistics. |bTransportation and Public Utilities Section. |
| 710 | 2 |aStatistics Canada.|bTransportation Section. |
| 710 | 2 |aStatistics Canada.|bSurface Transport Section. |
| 710 | 2 |aStatistics Canada.|bSurface and Marine Transport Section. |
| 780 | 00|tStatistics of steam railways for the year ended December 31, ... |w(CaOODSP)9.817555 |
| 785 | 00|tRailway transport in Canada, commodity statistics |w(CaOODSP)9.817651 |
| 792 | |tRailway transport. |efre|w(CaOODSP)9.817649 |